000 00614nam a22002057a 4500
005 20250826152508.0
010 _aENG-146529
020 _a9788196396688
035 _aEN-130061
037 _bDBAD
082 _a881
100 _aARMUNG, MALONGPI
_984350
245 _aECHOES FROM THE HILL/
_cMALONGPI ARMUNG
260 _aGUWAHATI GRAND POETRY FESTIVAL
_bASSAM
270 _a HOUSE NO. 09, DR. BHUPEN HAZARIKA ROAD, KHARGHULI, GUWAHATI, ASSAM
_bASSAM
300 _a132p.
_c22cm(Pbk)
700 _aTERONPI KABEEN
_984351
700 _aTERANG LONGBIR
_984352
942 _2ddc
_cEN
_h881
_mARM
999 _c213162
_d213162